MARC

LEADER 00000nam0a2200000 4500
001 376395
005 20231101051947.0
035 |a (RuTPU)RU\TPU\retro\33835 
035 |a RU\TPU\book\280440 
090 |a 376395 
100 |a 20221222d1935 m y0rusy50 ca 
101 0 |a rus 
102 |a RU 
105 |a abf z 001zy 
200 1 |a Шунгит в прошлом и настоящем  |f В. С. Артамонов, А. П. Кекконен  |g Карельский научно-исследовательский институт, Секция естественных производительных сил ; под общей ред. В. С. Артамонова 
210 |a Петрозаводск  |c Государственное издательство "Кирья"  |d 1935 
215 |a 104 с.  |c ил., карта 
320 |a Библиогр.: с. 101-104. 
610 1 |a шунгиты 
610 1 |a физико-химические свойства 
610 1 |a геология 
610 1 |a месторождения 
610 1 |a строительные материалы 
675 |a 553.985  |v 3 
675 |a 691.5  |v 3 
700 1 |a Артамонов  |b В. С. 
701 1 |a Кекконен  |b А. П. 
702 1 |a Артамонов  |b В. С.  |4 340 
712 0 2 |a Карельский научно-исследовательский институт  |b Секция естественных производительных сил  |2 stltpush  |3 (RuTPU)RU\TPU\col\19618 
801 1 |a RU  |b 63413507  |c 20140418 
801 2 |a RU  |b 63413507  |c 20221222  |g RCR 
942 |c BK